000 00973pam a2200277 a 4500
001 2503086
003 SISC
005 20160317150350.0
008 920204s1992 enkab 001 0 eng
010 _a 92007061
020 _a9781875566372
040 _aDLC
_cDLC
_dDLC
050 0 0 _aND 653
_b.F491 1993
082 0 0 _aHS 796.41
_bM23 2004
100 1 _aBernard, Bruce.
_913287
245 1 0 _aVan Gogh /
_cBruce Bernard.
250 _a1st American ed.
260 _aLondon ;
_aNew York :
_bDorling Kindersley ;
_aBoston :
_bDistributed by Houghton Mifflin,
_c2000
300 _a64 p. :
_bill. (some col.), col. map ;
_c29 cm.
440 0 _aEyewitness art
_913288
500 _aIncludes index.
600 1 0 _aGogh, Vincent van,
_d1853-1890
_xCriticism and interpretation.
_913289
906 _a7
_bcbc
_corignew
_d1
_eocip
_f19
_gy-gencatlg
942 _2lcc
_cBK
999 _c9342
_d9342